Študentská mobilita - efektívny nástroj rozvoja jazykového a osobnostného potenciálu študenta

Salvato in:
Dettagli Bibliografici
Autore principale: Rizeková, Iveta, 1961-
Natura: Capitolo di libro
Lingua:slovacco
Soggetti:
Tags: Aggiungi Tag
Nessun Tag, puoi essere il primo ad aggiungerne!!

MARC

LEADER 00000naa$a2200000$$$4500
001 0237998
005 20240502083637.1
041 0 |a slo 
044 |a CZ 
245 1 0 |a Študentská mobilita - efektívny nástroj rozvoja jazykového a osobnostného potenciálu študenta  |c Iveta Rizeková 
610 2 0 |a vzdelávanie vysokoškolské 
610 2 0 |a programy študijné 
610 2 0 |a jazyky cudzie 
610 2 0 |a spolupráca medzinárodná 
610 2 0 |a školy vysoké 
610 2 0 |a komunikácia 
610 2 0 |a študenti 
610 2 0 |a štúdium v zahraničí 
100 1 |a Rizeková, Iveta, 1961-